| 000 | 00748cab a2200205 4500 | ||
|---|---|---|---|
| 001 | WB3103-24 | ||
| 008 | 090401t1995 xxu||||| |||| 00| 0 eng d | ||
| 035 | _a(Sirsi) u70770 | ||
| 041 | _aeng | ||
| 245 | _aData captured on-site by TouchPC | ||
| 260 | _c1995 | ||
| 350 | _a0 | ||
| 490 |
_aACS Press Information _v10 January 1995 (2) |
||
| 520 | _aACS Data of Salford have developed hand-held, touchscreen computers which have enabled housing and urban regeneration specialists NURAS to capture data electronically on site for house condition and repair surveys. | ||
| 650 | _aHOUSE CONDITION SURVEYS | ||
| 650 | _aSOFTWARE PACKAGES | ||
| 690 | _aMANAGEMENT-BUSINESS MANAGEMENT-INFORMATION MANAGEMENT | ||
| 942 | _n0 | ||
| 948 | _c04/03/1997 | ||
| 999 |
_c44560 _d44560 |
||